aespa - Dopamine (GISELLE Solo) English Lyrics - Statistics

General Stats
  • This quiz has been taken 92 times
    41 since last reset
  • The average score is 214 of 320
Answer Stats
Lyrics % Correct
a
100%
do
100%
don't
100%
I
100%
just
100%
man
100%
need
100%
you
100%
You
100%
go
95%
good
95%
look
95%
me
95%
so
95%
to
95%
Dopamine
90%
dopamine
90%
next
90%
Next
90%
standing
90%
Yeah
90%
yeah
90%
accessories
86%
Be
86%
be
86%
best
81%
close
81%
in
76%
let
76%
Oh
76%
that
76%
That
76%
thing
76%
it
71%
Na
71%
na
71%
get
67%
slow-mo
67%
Stop
67%
Know
62%
know
62%
no
62%
too
62%
your
62%
getting
57%
my
57%
My
57%
put
57%
the
57%
The
57%
Uh
57%
but
52%
But
52%
Can't
52%
got
52%
I'm
52%
love
52%
stay
52%
Won't
52%
won't
52%
hush
48%
secret
48%
want
48%
you're
48%
if
43%
Keep
43%
like
43%
Tell
43%
think
43%
time
43%
what
43%
feel
38%
feelings
38%
it's
38%
little
38%
Mmm
38%
though
38%
commitment
33%
Commitment
33%
ever
33%
own
33%
thinking
33%
up
33%
with
33%
never
29%
on
29%
all
24%
dangerous
24%
Every
24%
gotta
24%
head
24%
heart
24%
hide
24%
inside
24%
Lock
24%
Playing
24%
race
24%
Said
24%
said
24%
this
24%
day
19%
lowkey
19%
prettiest
19%
see
19%
solve
19%
still
19%
That's
19%
that's
19%
way
19%
Cause
14%
honestly
14%
mine
14%
problem
14%
rate
14%
Spikes
14%
thought
14%
used
14%
wanna
14%
was
14%
will
14%
base
10%
em
10%
first
10%
lookin'
10%
now
10%
real
10%
controller
5%
fake
5%
God
5%
knows
5%
shh
5%
why
5%
you'll
5%
and
0%
No matching quizzes found
Score Distribution
Percent of People with Each Score
Percentile by Number Answered
Your Score History
You have not taken this quiz since the last reset